[Event "POL-chT 2nd League"]
[Site "Jastrzebia Gora"]
[Date "2019.09.15"]
[Round "9.16"]
[White "Wnek, Filip"]
[Black "Kulczyk, Pawel"]
[Result "0-1"]
[WhiteElo "1962"]
[BlackElo "2087"]
[PlyCount "90"]
[EventDate "2019.09.07"]
[EventType "team-swiss"]
[EventRounds "9"]
[EventCountry "POL"]
[SourceTitle "EXT 2020"]
[Source "ChessBase"]
[SourceDate "2019.10.17"]
[SourceVersion "1"]
[SourceVersionDate "2019.10.17"]
[SourceQuality "1"]
[WhiteTeam "Staniatki Goniec"]
[BlackTeam "Bydgoszcz Hetman"]
[WhiteTeamCountry "POL"]
[BlackTeamCountry "POL"]

1. e4 c5 2. Nf3 d6 3. d4 cxd4 4. Nxd4 Nf6 5. Nc3 Nc6 6. Bc4 e6 7. Be3 Be7 8. f3 0-0 9. Qd2 Nxd4 10. Qxd4 e5 11. Qd3 Be6 12. 0-0-0 Bxc4 13. Qxc4 a6 14. g4 b5 15. Qb3 Nd7 16. Kb1 Nb6 17. Bxb6 Qxb6 18. Nd5 Qb7 19. h4 Rfd8 20. Ne3 Rac8 21. Nf5 Bf8 22. Rd5 Rc5 23. Rhd1 Rxd5 24. Qxd5 Qxd5 25. Rxd5 g6 26. Ne3 Be7 27. c4 bxc4 28. Nxc4 Bxh4 29. Nxd6 Be7 30. Nc4 Rxd5 31. exd5 h5 32. gxh5 gxh5 33. Nxe5 h4 34. Ng4 h3 35. Nf2 h2 36. Kc2 Bc5 37. Nh1 Kg7 38. Kd3 Kf6 39. Ke4 Kg5 40. f4+ Kg4 41. a3 f5+ 42. Ke5 Kf3 43. b4 Bb6 44. Kd6 Kg2 45. Kc6 Bd8 0-1

[Event "POL-chT 2nd League"]
[Site "Jastrzebia Gora"]
[Date "2016.09.10"]
[Round "8.58"]
[White "Guzik, Jolanta"]
[Black "Kulczyk, Pawel"]
[Result "1/2-1/2"]
[WhiteElo "1990"]
[BlackElo "2095"]
[PlyCount "87"]
[EventDate "2016.09.03"]
[EventType "team-swiss"]
[EventRounds "9"]
[EventCountry "POL"]
[SourceTitle "EXT 2017"]
[Source "ChessBase"]
[SourceDate "2016.10.25"]
[SourceVersion "1"]
[SourceVersionDate "2016.10.25"]
[SourceQuality "1"]
[WhiteTeam "Jaworzno JKSz MCKiS"]
[BlackTeam "Bydgoszcz Hetman"]
[WhiteTeamCountry "POL"]
[BlackTeamCountry "POL"]

1. c4 c5 2. Nc3 Nc6 3. g3 Nf6 4. Bg2 e6 5. e4 d6 6. Nge2 Nd4 7. d3 Be7 8. h3 0-0 9. Be3 e5 10. 0-0 Bd7 11. f4 Rb8 12. Nd5 Nxd5 13. exd5 f6 14. Nc3 b5 15. b3 Qa5 16. Bd2 Qc7 17. Kh2 a5 18. Be4 f5 19. Bg2 Bf6 20. Rb1 b4 21. Ne2 Nxe2 22. Qxe2 Rbe8 23. Qf2 a4 24. Rfe1 axb3 25. axb3 Ra8 26. Bc1 Rfe8 27. Re2 exf4 28. Bxf4 Rxe2 29. Qxe2 Re8 30. Qd2 Bc3 31. Qa2 Qb6 32. Bf3 Be5 33. Re1 Bxf4 34. Rxe8+ Bxe8 35. gxf4 Qd8 36. Kg3 Qe7 37. Qe2 Qxe2 38. Bxe2 Kf7 39. h4 Kf6 40. Bd1 g6 41. Be2 h6 42. Bd1 g5 43. hxg5+ hxg5 44. Be2 1/2-1/2

[Event "POL-chT 2nd League"]
[Site "Jastrzebia Gora"]
[Date "2015.09.12"]
[Round "8.68"]
[White "Kulczyk, Pawel"]
[Black "Lisowski, Krzysztof"]
[Result "1-0"]
[WhiteElo "2095"]
[BlackElo "2137"]
[PlyCount "72"]
[EventDate "2015.09.05"]
[EventType "team-swiss"]
[EventRounds "9"]
[EventCountry "POL"]
[SourceTitle "EXT 2017"]
[Source "ChessBase"]
[SourceDate "2016.10.25"]
[SourceVersion "1"]
[SourceVersionDate "2016.10.25"]
[SourceQuality "1"]
[WhiteTeam "Bydgoszcz Hetman"]
[BlackTeam "Ostroda Ostrodzianka"]
[WhiteTeamCountry "POL"]
[BlackTeamCountry "POL"]

1. d4 d5 2. c4 c6 3. Nf3 Nf6 4. Qc2 g6 5. Bf4 Bg7 6. e3 c5 7. dxc5 Nc6 8. Nc3 Qa5 9. Qa4 Qxa4 10. Nxa4 Bd7 11. Nc3 dxc4 12. Bxc4 Rc8 13. 0-0 Nh5 14. Rfd1 Nxf4 15. exf4 Bg4 16. Bd5 0-0 17. h3 Bxf3 18. Bxf3 Nd4 19. Bxb7 Rxc5 20. Rd2 Rb8 21. Be4 Nb5 22. Nd5 Kf8 23. Rad1 Nd6 24. b4 Nxe4 25. bxc5 Nxd2 26. Rxd2 Rd8 27. Rd3 e6 28. Nb4 Rxd3 29. Nxd3 Ke7 30. Kf1 Kd7 31. Ke2 Bd4 32. Kf3 Kc6 33. Ke4 Bxc5 34. Nxc5 Kxc5 35. Ke5 Kb4 36. Kf6 Ka3 1-0

[Event "POL-chT3 Kujawsko Pomorskie 1011"]
[Site "Poland"]
[Date "2011.04.17"]
[Round "11.33"]
[White "Kulczyk, Pawel"]
[Black "Chrapkowski, Grzegorz"]
[Result "0-1"]
[WhiteElo "2088"]
[BlackElo "2207"]
[PlyCount "76"]
[EventDate "2010.11.07"]
[EventType "team-tourn"]
[EventRounds "11"]
[EventCountry "POL"]
[SourceTitle "EXT 2019"]
[Source "ChessBase"]
[SourceDate "2018.10.10"]
[SourceVersion "1"]
[SourceVersionDate "2018.10.10"]
[SourceQuality "1"]

1. d4 Nf6 2. Nf3 g6 3. c4 Bg7 4. Nc3 d5 5. cxd5 Nxd5 6. e4 Nxc3 7. bxc3 0-0 8. Be2 c5 9. Bb2 cxd4 10. cxd4 Qa5+ 11. Qd2 Qxd2+ 12. Nxd2 b6 13. Rc1 Ba6 14. Bc4 Bxc4 15. Rxc4 Na6 16. 0-0 b5 17. Rc6 Nb4 18. Rc7 Nd3 19. Ba1 Rfc8 20. Rxe7 Rc2 21. Nb3 Rxa2 22. Rc7 a5 23. e5 a4 24. Nc5 Nxc5 25. Rxc5 b4 26. Rb5 b3 27. Bc3 Rc2 28. Ba1 Ra2 29. Rc1 Bh6 30. Rd1 Rc8 31. d5 Bc1 32. Bd4 Bb2 33. Bxb2 Rxb2 34. d6 Rd2 35. Re1 b2 36. Kf1 a3 37. Rb3 a2 38. d7 Rd8 0-1

[Event "POL-chT3 Kujawsko Pomorskie 1011"]
[Site "Poland"]
[Date "2011.01.23"]
[Round "5.22"]
[White "Kulczyk, Pawel"]
[Black "Wrzos, Waldemar"]
[Result "1-0"]
[WhiteElo "2088"]
[BlackElo "1642"]
[PlyCount "31"]
[EventDate "2010.11.07"]
[EventType "team-tourn"]
[EventRounds "11"]
[EventCountry "POL"]
[SourceTitle "EXT 2019"]
[Source "ChessBase"]
[SourceDate "2018.10.10"]
[SourceVersion "1"]
[SourceVersionDate "2018.10.10"]
[SourceQuality "1"]

1. d4 b6 2. c4 Bb7 3. Nc3 e6 4. e4 Bb4 5. Bd3 Nf6 6. Qc2 Bxc3+ 7. bxc3 d6 8. Ne2 Nbd7 9. 0-0 e5 10. f4 Qe7 11. Ba3 exd4 12. e5 Ng4 13. Nxd4 Ne3 14. Qe2 Nxf1 15. Nf5 Qf8 16. exd6+ 1-0

[Event "Chojnice op 6th"]
[Site "Chojnice"]
[Date "2010.07.15"]
[Round "8"]
[White "Kulczyk, Pawel"]
[Black "Rawicz, Karol"]
[Result "0-1"]
[WhiteElo "2093"]
[BlackElo "2293"]
[PlyCount "46"]
[EventDate "2010.07.08"]
[EventType "swiss"]
[EventRounds "9"]
[EventCountry "POL"]
[SourceTitle "CBM 137 Extra"]
[Source "ChessBase"]
[SourceDate "2010.09.01"]
[SourceVersion "1"]
[SourceVersionDate "2010.09.01"]
[SourceQuality "1"]

1. d4 g6 2. c4 Bg7 3. Nc3 d6 4. e4 Nf6 5. Nf3 0-0 6. Be2 e5 7. 0-0 Nbd7 8. Bg5 h6 9. Be3 Ng4 10. b4 Nxe3 11. fxe3 h5 12. c5 exd4 13. exd4 dxc5 14. bxc5 Nxc5 15. e5 Ne6 16. Bc4 c5 17. d5 Nd4 18. Nxd4 Bxe5 19. Ne6 Qh4 20. g3 Qxc4 21. Nxf8 Qxc3 22. Qe2 Bg4 23. Qg2 Qe3+ 0-1

[Event "Chojnice op 6th"]
[Site "Chojnice"]
[Date "2010.07.12"]
[Round "5"]
[White "Harmata, Marek"]
[Black "Kulczyk, Pawel"]
[Result "0-1"]
[WhiteElo "1825"]
[BlackElo "2093"]
[PlyCount "20"]
[EventDate "2010.07.08"]
[EventType "swiss"]
[EventRounds "9"]
[EventCountry "POL"]
[SourceTitle "CBM 137 Extra"]
[Source "ChessBase"]
[SourceDate "2010.09.01"]
[SourceVersion "1"]
[SourceVersionDate "2010.09.01"]
[SourceQuality "1"]

1. d4 c6 2. c4 d5 3. e3 g6 4. Nc3 Bg7 5. cxd5 cxd5 6. Bb5+ Nc6 7. Bxc6+ bxc6 8. Nf3 Be6 9. Ne5 c5 10. dxc5 Bxe5 0-1

[Event "POL-chT3 Kujawsko Pomorskie 0910"]
[Site "Poland"]
[Date "2010.03.21"]
[Round "9.3"]
[White "Grajczak, Adrian"]
[Black "Kulczyk, Pawel"]
[Result "1/2-1/2"]
[WhiteElo "1979"]
[BlackElo "2086"]
[PlyCount "80"]
[EventDate "2009.11.08"]
[EventType "team-tourn"]
[EventRounds "11"]
[EventCountry "POL"]
[SourceTitle "EXT 2020"]
[Source "ChessBase"]
[SourceDate "2019.10.17"]
[SourceVersion "1"]
[SourceVersionDate "2019.10.17"]
[SourceQuality "1"]

1. d4 Nf6 2. Nf3 d5 3. g3 c5 4. Bg2 Nc6 5. 0-0 Bf5 6. b3 e6 7. Bb2 Rc8 8. c3 Bd6 9. Nh4 Bg4 10. Qd2 0-0 11. Na3 Qa5 12. dxc5 Bxc5 13. b4 Nxb4 14. cxb4 Bxb4 15. Qg5 Bc3 16. Bxc3 Qxc3 17. Nb5 Qc5 18. Rfb1 a6 19. e4 Be2 20. Nd6 Ng4 21. Rf1 Qxd6 22. Rfe1 h6 23. Qh5 Rc2 24. Rxe2 Rxe2 25. Qxg4 Rb2 26. exd5 Qb6 27. Rf1 Rxa2 28. dxe6 fxe6 29. Bh3 Rf6 30. Nf3 Qd6 31. Qc4 Qd5 32. Qc8+ Kh7 33. Nh4 b5 34. Ng2 Raxf2 35. Rxf2 Qd1+ 36. Ne1 Qxe1+ 37. Rf1 Qe3+ 38. Kh1 Qe4+ 39. Kg1 Qe3+ 40. Kh1 Qe4+ 1/2-1/2

[Event "Warsaw AIG Life rapid 9th"]
[Site "Warsaw"]
[Date "2009.12.19"]
[Round "2"]
[White "Kulczyk, Pawel"]
[Black "Paehtz, Elisabeth"]
[Result "0-1"]
[WhiteElo "2086"]
[BlackElo "2480"]
[PlyCount "44"]
[EventDate "2009.12.19"]
[EventType "swiss (rapid)"]
[EventRounds "13"]
[EventCountry "POL"]
[SourceTitle "CBM 133 Extra"]
[Source "ChessBase"]
[SourceDate "2010.01.05"]
[SourceVersion "1"]
[SourceVersionDate "2010.01.05"]
[SourceQuality "1"]

1. d4 d5 2. c4 c6 3. Nf3 Nf6 4. Qc2 dxc4 5. e3 b5 6. b3 cxb3 7. axb3 e6 8. Bd2 Bd6 9. e4 Nfd7 10. e5 Be7 11. Ba5 Nb6 12. Bd3 Bb7 13. 0-0 Na6 14. Be4 Qd7 15. Nbd2 Nd5 16. Rfc1 c5 17. dxc5 Nxc5 18. Bxd5 Qxd5 19. Bb4 Rc8 20. Rxa7 0-0 21. Qb1 Nd3 22. Bc3 Nxc1 0-1

[Event "POL-chT3 Kujawsko Pomorskie 0809"]
[Site "Poland"]
[Date "2009.02.15"]
[Round "8.7"]
[White "Kulczyk, Pawel"]
[Black "Drozdowski, Kacper"]
[Result "1-0"]
[WhiteElo "2114"]
[BlackElo "2039"]
[PlyCount "51"]
[EventDate "2008.11.09"]
[EventType "team-tourn"]
[EventRounds "11"]
[EventCountry "POL"]
[SourceTitle "EXT 2019"]
[Source "ChessBase"]
[SourceDate "2018.10.10"]
[SourceVersion "1"]
[SourceVersionDate "2018.10.10"]
[SourceQuality "1"]

1. d4 Nf6 2. c4 c5 3. e3 cxd4 4. exd4 d5 5. Nc3 dxc4 6. Bxc4 e6 7. Nf3 Be7 8. 0-0 0-0 9. Bf4 a6 10. a3 b5 11. Ba2 Bb7 12. Rc1 h6 13. Qd3 Nbd7 14. Rfd1 Re8 15. Ne5 Nf8 16. Bxh6 N6h7 17. Qg3 Bg5 18. d5 Bxh6 19. dxe6 Nxe6 20. Rxd8 Raxd8 21. Rd1 Bf4 22. Rxd8 Rxd8 23. Nxf7 Re8 24. Qg6 Kf8 25. Bxe6 Bc8 26. Nd6 1-0

[Event "POL-chT3 Kujawsko Pomorskie 0708"]
[Site "Poland"]
[Date "2008.03.09"]
[Round "9.19"]
[White "Borgula, Rafal"]
[Black "Kulczyk, Pawel"]
[Result "1/2-1/2"]
[WhiteElo "2297"]
[BlackElo "2139"]
[PlyCount "37"]
[EventDate "2007.11.04"]
[EventType "team-tourn"]
[EventRounds "11"]
[EventCountry "POL"]
[SourceTitle "EXT 2019"]
[Source "ChessBase"]
[SourceDate "2018.10.10"]
[SourceVersion "1"]
[SourceVersionDate "2018.10.10"]
[SourceQuality "1"]

1. d4 d5 2. Nf3 Nf6 3. c4 dxc4 4. Nc3 e6 5. e3 c5 6. Bxc4 a6 7. a4 Nc6 8. 0-0 Be7 9. dxc5 Qxd1 10. Rxd1 Bxc5 11. Bd2 b6 12. Be1 Nb4 13. Rac1 Bb7 14. Ne5 0-0 15. Ne2 Rfd8 16. Rxd8+ Rxd8 17. Nf4 h6 18. a5 Nfd5 19. Nxd5 1/2-1/2

[Event "POL-chT3 Kujawsko Pomorskie 0708"]
[Site "Poland"]
[Date "2008.01.27"]
[Round "6.25"]
[White "Kulczyk, Pawel"]
[Black "Kiedrowicz, Jan"]
[Result "0-1"]
[WhiteElo "2139"]
[BlackElo "2302"]
[PlyCount "96"]
[EventDate "2007.11.04"]
[EventType "team-tourn"]
[EventRounds "11"]
[EventCountry "POL"]
[SourceTitle "EXT 2019"]
[Source "ChessBase"]
[SourceDate "2018.10.10"]
[SourceVersion "1"]
[SourceVersionDate "2018.10.10"]
[SourceQuality "1"]

1. d4 Nf6 2. c4 g6 3. Nc3 Bg7 4. e4 0-0 5. Nf3 d6 6. Be2 e5 7. 0-0 a5 8. Be3 Na6 9. a3 exd4 10. Bxd4 Re8 11. Qc2 Qe7 12. Rfe1 c6 13. Bf1 Bg4 14. Nd2 Qc7 15. f3 Be6 16. Na4 c5 17. Be3 Nh5 18. Nc3 Qd8 19. Nb5 Nc7 20. Nxc7 Qxc7 21. Nb1 b5 22. cxb5 d5 23. exd5 Bf5 24. Qd2 Be5 25. g4 Bxb1 26. Raxb1 Nf6 27. Rbc1 h5 28. Rxc5 Qe7 29. g5 Nd7 30. Rc6 Bd6 31. Bf2 Ne5 32. Rc3 Qd7 33. Rce3 Qf5 34. Kh1 Kh7 35. Qe2 Rac8 36. Re4 Nxf3 37. Rxe8 Nxe1 38. Qxe1 Rxe8 39. Qxe8 Qxf2 40. Qe2 Qd4 41. Qf3 Kg8 42. Qg2 h4 43. h3 a4 44. Qe2 Qxd5+ 45. Bg2 Qd4 46. Bc6 Qf4 47. Bd5 Qc1+ 48. Kg2 Qxg5+ 0-1

[Event "POL-chT3 Kujawsko Pomorskie 0708"]
[Site "Poland"]
[Date "2007.11.04"]
[Round "1.7"]
[White "Kulczyk, Pawel"]
[Black "Szmidt, Przemyslaw"]
[Result "1-0"]
[WhiteElo "2139"]
[BlackElo "1930"]
[PlyCount "133"]
[EventDate "2007.11.04"]
[EventType "team-tourn"]
[EventRounds "11"]
[EventCountry "POL"]
[SourceTitle "EXT 2019"]
[Source "ChessBase"]
[SourceDate "2018.10.10"]
[SourceVersion "1"]
[SourceVersionDate "2018.10.10"]
[SourceQuality "1"]

1. d4 Nf6 2. c4 e6 3. Nc3 Bb4 4. Qc2 0-0 5. a3 Bxc3+ 6. Qxc3 Ne4 7. Qc2 f5 8. Nf3 b6 9. e3 Bb7 10. Be2 d6 11. 0-0 Nd7 12. Ne1 Qe8 13. f3 Nef6 14. b4 c5 15. Bb2 Qg6 16. Nd3 Qh6 17. Nf4 Nh5 18. Qc3 cxd4 19. Qd3 Nxf4 20. exf4 e5 21. fxe5 dxe5 22. f4 Qg6 23. Rf2 Rad8 24. Re1 e4 25. Qxd4 Nc5 26. Qe3 Nd3 27. Bxd3 Rxd3 28. Qc1 Rfd8 29. Kh1 Qg4 30. c5 Rd1 31. Qc4+ Kh8 32. Rff1 e3 33. c6 e2 34. Rg1 Rxe1 35. Rxe1 Rd1 36. Bc3 Bc8 37. b5 h6 38. Kg1 Qh5 39. Kf2 Qxh2 40. Qxe2 Qxf4+ 41. Kg1 Rxe1+ 42. Qxe1 Qe4 43. Qxe4 fxe4 44. Bd4 Kg8 45. a4 Kf7 46. a5 Ke6 47. Bxb6 a6 48. bxa6 Bxa6 49. Kf2 Kf5 50. Bc5 g5 51. Bd6 h5 52. Ke3 Ke6 53. Bg3 Kd5 54. c7 Bb7 55. Bh2 h4 56. Bg1 Ke5 57. Bh2+ Kf5 58. Bd6 Kg4 59. Kd4 h3 60. gxh3+ Kxh3 61. Kc5 e3 62. Kb6 Bc8 63. a6 e2 64. Bb4 g4 65. a7 g3 66. a8Q g2 67. Qxc8+ 1-0

[Event "POL-chT3 0607"]
[Site "Poland"]
[Date "2007.03.04"]
[Round "9.32"]
[White "Kulczyk, Pawel"]
[Black "Sosnowski, Daniel Konrad"]
[Result "1-0"]
[WhiteElo "2106"]
[BlackElo "2007"]
[PlyCount "41"]
[EventDate "2006.11.12"]
[EventType "team"]
[EventRounds "11"]
[EventCountry "POL"]
[SourceTitle "EXT 2009"]
[Source "ChessBase"]
[SourceDate "2008.11.26"]
[SourceVersion "1"]
[SourceVersionDate "2008.11.26"]
[SourceQuality "1"]

1. d4 e6 2. c4 Bb4+ 3. Bd2 a5 4. Nc3 Nf6 5. Qc2 0-0 6. e4 d5 7. e5 Bxc3 8. bxc3 Ne4 9. Bd3 Nxd2 10. Qxd2 dxc4 11. Bxc4 b5 12. Bd3 f5 13. exf6 Rxf6 14. Be4 Ra7 15. Qd3 h6 16. Qxb5 Ba6 17. Qc5 Qd7 18. Rb1 Qc8 19. Qxa7 Nd7 20. Qa8 Qxa8 21. Bxa8 1-0

[Event "KPZS-ch"]
[Site "Poland"]
[Date "2005.06.28"]
[Round "6"]
[White "Rzoska, Kamil"]
[Black "Kulczyk, Pawel"]
[Result "1-0"]
[WhiteElo "2126"]
[BlackElo "2059"]
[PlyCount "67"]
[EventDate "2005.06.25"]
[EventType "swiss"]
[EventRounds "9"]
[EventCountry "POL"]
[SourceTitle "EXT 2007"]
[Source "ChessBase"]
[SourceDate "2006.11.23"]
[SourceVersion "1"]
[SourceVersionDate "2006.11.23"]
[SourceQuality "1"]

1. e4 c5 2. Nf3 d6 3. c3 e5 4. d4 Qc7 5. Be2 Nf6 6. Nbd2 Be7 7. 0-0 0-0 8. h3 b6 9. Re1 Bb7 10. d5 Nbd7 11. Bf1 a6 12. Nc4 b5 13. Ne3 Nxe4 14. Nf5 Ndf6 15. c4 bxc4 16. Bxc4 h6 17. Qd3 Ng5 18. Nxe5 dxe5 19. d6 Bxd6 20. Qxd6 Qxd6 21. Nxd6 Bd5 22. Bxd5 Nxd5 23. Rxe5 Nb4 24. Bxg5 hxg5 25. Rxg5 Nd3 26. b3 Rad8 27. Nb7 f6 28. Nxd8 fxg5 29. Ne6 Rf5 30. Rd1 Nxf2 31. Rd8+ Kf7 32. Nxc5 Rxc5 33. Kxf2 Ke7 34. Ra8 1-0

[Event "KPZS-ch"]
[Site "Poland"]
[Date "2005.06.26"]
[Round "2"]
[White "Kulczyk, Pawel"]
[Black "Marchlewicz, Kamil"]
[Result "1-0"]
[WhiteElo "2059"]
[BlackElo "2000"]
[PlyCount "87"]
[EventDate "2005.06.25"]
[EventType "swiss"]
[EventRounds "9"]
[EventCountry "POL"]
[SourceTitle "EXT 2007"]
[Source "ChessBase"]
[SourceDate "2006.11.23"]
[SourceVersion "1"]
[SourceVersionDate "2006.11.23"]
[SourceQuality "1"]

1. d4 d5 2. c4 c6 3. Nf3 Bf5 4. Qb3 Qc7 5. g3 e6 6. Bf4 dxc4 7. Qxc4 Bd6 8. Bxd6 Qxd6 9. Nbd2 Nf6 10. Bg2 0-0 11. 0-0 Nbd7 12. Nh4 Bg6 13. Nxg6 hxg6 14. Rfd1 Nb6 15. Qc3 Rad8 16. Nf3 Rfe8 17. a3 Re7 18. b4 Rc7 19. Rac1 a6 20. Qc2 Qe7 21. e4 Rcd7 22. h3 Na8 23. e5 Nd5 24. Nd2 Nac7 25. Ne4 Nb5 26. Nc5 Rc7 27. a4 Na7 28. Qb3 Kh7 29. Be4 Kg8 30. Kg2 Qg5 31. h4 Qe7 32. Bb1 Nb6 33. Qb2 Nd7 34. Ne4 Nf8 35. Rh1 Qd7 36. Rcd1 Qd5 37. f3 Nc8 38. Nc5 Ne7 39. Ba2 Nf5 40. Bxd5 Ne3+ 41. Kf2 Nxd1+ 42. Rxd1 exd5 43. f4 Nd7 44. Nxd7 1-0